000 01196nac a22003857a 4500
001 BR8105919
003 BR-BrBNA
005 20240105115056.0
008 230509b bl.|||m| |||| 00| 0 por d
040 _aBR-BrBNA
_bpor
_cBiblioteca Nacional de Agricultura
072 _aF23; F26; P20
090 _aF23 BR8105919
110 1 _aProjeto RADAMBRASIL, Rio de Janeiro, RJ (Brasil)
_98088
245 1 _aFolha SD. 24 Salvador; geologia, geomorfologia, pedologia, vegetacao e uso potencial da terra [Brasil]
260 3 _aRio de Janeiro, RJ (Brasil):
_c1981.
300 _a620 p.
490 _aLevantamento de Recursos Naturais - Projeto RADAMBRASIL (Brazil)
_vv. 24
_x
500 _a5 Maps in portfolio, scale 1:1,000,000
650 _aSOLO
650 _aCLIMA
650 _aVEGETACAO
650 _aGEOLOGIA
650 _aGEOMORFOLOGIA
650 _aANALISE DO SOLO
650 _aPERFIL DO SOLO
650 _aRECURSO NATURAL
650 _aRECURSO DA TERRA
650 _aAPTIDAO AGRICOLA
650 _aEXPLORACAO AGRICOLA
650 _aUSO DA TERRA
650 _aSALVADOR
650 _aBAHIA
909 _a202312
_bLúcia Elande
_c55
_dLúcia Elande
942 _2AGRIS
_n0
_cMS
999 _c272906
_d272906